000
00334nam a22001457a 4500
003
SGT
020
_a
9780670090259
082
_a
320.954
_b
D19P
100
_a
PURI, HARDEEP SINGH
245
_a
DELUSIONAL POLITICS
260
_a
INDIA
_b
PENGUIN RANDOM HOUSE
_c
2019
300
_a
270
650
_a
INDIAN POLITICS
942
_2
ddc
_c
BK
999
_c
26268
_d
26268